| 000 | 00330nam a22001337a 4500 | ||
|---|---|---|---|
| 003 | SGT | ||
| 082 |
_a617.84 _bP21T |
||
| 100 | _aTANIA | ||
| 245 | _aPrevalence Of Injuries In Different Forms Of Dance Styles | ||
| 260 |
_aSGT UNIVERSITY _bMPT SCHOLAR _c2021 |
||
| 300 | _a137 | ||
| 650 | _aPrevalence Of Injuries | ||
| 942 |
_2ddc _cTH |
||
| 999 |
_c26367 _d26367 |
||